Sleeping beauty (Record no. 21724)

000 -LEADER
fixed length control field 00448nam a22001457a 4500
003 - CONTROL NUMBER IDENTIFIER
control field OSt
005 - DATE AND TIME OF LATEST TRANSACTION
control field 20260121150141.0
008 - FIXED-LENGTH DATA ELEMENTS--GENERAL INFORMATION
fixed length control field 260121b xxua|||| |||| 00| 0 eng d
040 ## - CATALOGING SOURCE
Transcribing agency csu
245 ## - TITLE STATEMENT
Title Sleeping beauty
260 ## - PUBLICATION, DISTRIBUTION, ETC. (IMPRINT)
Place of publication, distribution, etc [Place of publication not identified] :
Name of publisher, distributor, etc [publisher not identified],
Date of publication, distribution, etc [date of publication not identified].
300 ## - PHYSICAL DESCRIPTION
Extent 16 pages :
Other physical details illustrations.
650 ## - SUBJECT ADDED ENTRY--TOPICAL TERM
Topical term or geographic name as entry element Children's literature - Story books
942 ## - ADDED ENTRY ELEMENTS (KOHA)
Source of classification or shelving scheme
Koha item type Books
Holdings
Permanent Location Date last seen Not for loan Date acquired Source of classification or shelving scheme Koha item type Lost status Withdrawn status Copy number Source of acquisition Materials specified (bound volume or other part) Collection code Damaged status Barcode Shelving location Current Location Full call number
Cagayan State University - Carig Library2026-01-21 2026-01-21 Books  1Donations2026-01-19Children Section C000529Children SectionCagayan State University - Carig LibraryCS C529 Sl25
Cagayan State University - Carig Library2026-01-21 2026-01-21 Books  2Donations2026-01-19Children Section C000518Children SectionCagayan State University - Carig LibraryCS C518 Sl25
Cagayan State University - Carig Library2026-01-21 2026-01-21 Books  3Donations2026-01-19Children Section C000517Children SectionCagayan State University - Carig LibraryCS C517 Sl25

Cagayan State University University Library, Carig Campus
Tuguegarao City, Cagayan 3500 | www.csucarig.edu.ph

Powered by Koha